| 000 | 00784cam a2200301Ma 4500 | ||
|---|---|---|---|
| 001 | 98734 | ||
| 005 | 20230410123650.0 | ||
| 008 | 081029s2008 fr 000 0 fre d | ||
| 035 | _a(OCoLC)ocn423564908 | ||
| 040 |
_aU9S _bfre _cU9S _dBDF |
||
| 020 | _a9782247079407 | ||
| 020 | _a2247079407 | ||
| 029 | 1 |
_aZWZ _b124525326 |
|
| 035 | _a(OCoLC)423564908 | ||
| 050 | 1 | 4 |
_aKLB68 _bD977d 2008 |
| 082 | 1 |
_a349.47 _222 |
|
| 100 | 1 | _aDutoit, Bernard. | |
| 245 | 1 | 3 |
_aLe droit russe / _cBernard Dutoit. |
| 260 |
_aParis : _bDalloz, _c2008. |
||
| 300 | _avi, 130 p. | ||
| 490 | 1 | _aConnaissance du droit | |
| 650 | 6 |
_aDroit _zRussie. |
|
| 650 | 7 |
_aDroit _zRussie _y1990-.... _2ram |
|
| 830 | 0 | _aConnaissance du droit. | |
| 942 |
_2lcc _cbk |
||
| 946 | _aINF | ||
| 994 |
_aC0 _bDRFGD |
||
| 999 |
_c65889 _d65889 |
||